000 00522nam a2200157Ia 4500
008 140512s9999 xx 000 0 und d
020 _a9789718740554
050 _aQA 139
_b.Al385 2012
100 _aAlfarez, Merle S.
245 _aMSA Mastering the four basic fundamental operations :
_bAddition, Subtraction, Multiplication, and Division book 3 /
_cMerle S. Alfarez
260 _aQuezon City :
_bMSA Publishing House,
_cc2012.
300 _a57 p. :
_c26 cm.
650 _aMathematics
942 _cBK
999 _c116661
_d116661